shadowhunters ship names - Statistics

General Stats
  • This quiz has been taken 1,137 times
  • The average score is 5 of 11
Answer Stats
Hint Answer % Correct
there's an episode named after this malec
97%
standard ship clace
93%
beauty and the beast sizzy
69%
parab-zoned jalec
57%
girl power clizzy
51%
friend-zoned climon
45%
vampiros saphael
26%
bfb is the one for me jimon
10%
cool mom and wolf dad lukelyn
9%
fairy dust melizzy
9%
duty before love branwood
2%
No matching quizzes found
Score Distribution
Percent of People with Each Score
Percentile by Number Answered
Your Score History
You have not taken this quiz